College Quizbowl Stats
College Quizbowl Stats
Circuits
Seasons
Sets
Records
Detailed Stats
About
Loading...
Northeast
Tossups
Bonuses
Players
Teams
Categories (Tossup)
Categories (Bonus)
Mohamed Algraiw
MIT A
Categories
Category
Powers
Gets
Negs
BBs
Points
Earliest Buzz
Avg. Buzz
First Buzzes
Top 3 Buzzes
BPA
PVF
Science - Chemistry
0
2
0
1
20
84
103.50
0
0
3.08
5.72
Science - Biology
0
1
0
1
10
110
110.00
0
0
0.00
0.83
Mythology
0
0
1
0
-5
0.00
0
0
0.00
0.00
Social Science
0
0
1
0
-5
0.00
0
0
0.00
0.00
Buzzes
Category
Answer
Value
Buzz Position
Mythology
forests
-5
25
Social Science
Islam
-5
76
Science - Chemistry
diffusion
10
84
Science - Biology
sharks
10
110
Science - Chemistry
distillation
10
123
Previous
1
Next